| 000 -LEADER |
| fixed length control field |
04222cam a22002895a 4500 |
| 008 - FIXED-LENGTH DATA ELEMENTS--GENERAL INFORMATION |
| fixed length control field |
020911s2015 enka b 001 0 eng |
| 020 ## - INTERNATIONAL STANDARD BOOK NUMBER |
| International Standard Book Number |
9781444137620 |
| 040 ## - CATALOGING SOURCE |
| Original cataloging agency |
NSHS |
| 082 00 - DEWEY DECIMAL CLASSIFICATION NUMBER |
| Classification number |
617 |
| Author Mark |
ESS |
| 245 00 - TITLE STATEMENT |
| Title |
Essential surgical practice : |
| Remainder of title |
higher surgical training in general surgery / |
| Statement of responsibility, etc. |
edited by Alfred Cuschieri, George B. Hanna |
| 250 ## - EDITION STATEMENT |
| Edition statement |
Fifth edition |
| 260 ## - PUBLICATION, DISTRIBUTION, ETC. |
| Place of publication, distribution, etc. |
London ; |
| -- |
New York : |
| Name of publisher, distributor, etc. |
Arnold, |
| Date of publication, distribution, etc. |
2015. |
| 300 ## - PHYSICAL DESCRIPTION |
| Extent |
xii, 1064 pages : |
| Other physical details |
ill. (some col.) ; |
| Dimensions |
29 cm. |
| 504 ## - BIBLIOGRAPHY, ETC. NOTE |
| Bibliography, etc. note |
Includes bibliographical references and index. |
| 505 1# - FORMATTED CONTENTS NOTE |
| Formatted contents note |
GENERAL SECTION -- Surgical Biology and Pathology: Sir Alfred Cuschieri -- Surgical Craft Approaches and Technologies: Sir Alfred Cuschieri -- Risk Assessment and Prognostic Indices in Surgery: Omar Faiz -- Care of the Patient in the Perioperative Period: Helgi Johannsson and Vafa Mansoubi -- Patient-Reported Outcomes to Evaluate Surgery: Jane M. Blazeby -- Intensive and High Dependency Care: Arup Chakraborty, Nicolas Price and Martin Stotz -- Anaemia, Hypovolaemia and Oedema: Sir Alfred Cuschieri -- Cardiovascular Pathophysiology: P. George, J. George and Allan D. Struthers -- Pulmonary Insufficiency: Elizabeth Starren, William Oldfield and Onn Min Kon -- Renal Insufficiency: Neill Duncan and R.W. Corbett -- Surgical Infections and Infestations: Sir Alfred Cuschieri -- Surgical Nutrition: Sir Alfred Cuschieri -- Interventional Radiology in General Surgery: Mohamad S. Hamady -- Trauma and the Injured Patient: Leslie Kobayashi, Raul Coimbra and David Hoyt -- Head Injuries: Pathophysiology and Management: Sam Eljamel -- SPECIALIST GENERAL SURGERY -- Disorders of the Skin and Soft Tissues: Sir Alfred Cuschieri -- Disorders of the Breast: Alistair M. Thompson, Stacy L. Moulder-Thompson, Andrew Evans and John A. Dewar -- Disorders of the Thyroid Gland: S.P. Balasubramanian and David Smith -- Disorders of the Parathyroid Gland: Paul R. Maddox -- Disorders of the Adrenal Glands: G.P. Sadler -- Disorders of the Abdominal Wall, Peritoneal Cavity and Retroperitoneum: Sir Alfred Cuschieri -- Disorders of the Oesophagus: George B. Hanna, Sami M. Shimi and Sir Alfred Cuschieri -- Disorders of the Stomach and Duodenum: Sir Alfred Cuschieri and George B. Hanna -- Disorders of the Liver: Francesco M. Polignano, John F. Dillon, Ian A. Zealley, Aaron J. Quyn, Aileen Smith and Sir Alfred Cuschieri -- Disorders of the Biliary Tract: Sir Alfred Cuschieri -- Disorders of the Spleen and Lymph Nodes: Sir Alfred Cuschieri -- Disorders of the Pancreas: Sir Alfred Cuschieri and Abdool Rahim Moossa -- Bariatric Surgery: Ahmed R. Ahmed and Carel L.G. Roux -- Disorders of the Small Intestine and Vermiform Appendix: Sir Alfred Cuschieri -- Disorders of the Colon and Rectum: Paris Tekkis, Panagiotis Georgiou, Edward Fitzgerald and Emil Tan -- Disorders of the Anal Canal: Ken Campbell |
| 520 ## - SUMMARY, ETC. |
| Summary, etc. |
Essential Surgical Practice: Higher Surgical Training in General Surgery, Fifth Edition provides a comprehensive guide for surgical trainees and practitioners focusing on advanced training in general surgery. This edition covers core surgical principles, preoperative and postoperative care, and detailed operative techniques across a range of surgical specialties. The text is structured to offer clear, practical insights into complex procedures and addresses essential topics like trauma management, gastrointestinal surgery, vascular surgery, and oncology. Updated with recent advancements and evidence-based practices, this guide aims to equip surgeons with the knowledge and skills required for high-level clinical practice and surgical decision-making. |
| 650 #0 - SUBJECT ADDED ENTRY--TOPICAL TERM |
| Topical term or geographic name entry element |
Surgery. |
| 9 (RLIN) |
113386 |
| 700 1# - ADDED ENTRY--PERSONAL NAME |
| Personal name |
Cuschieri, A. |
| Fuller form of name |
(Alfred) |
| 9 (RLIN) |
126884 |
| 700 1# - ADDED ENTRY--PERSONAL NAME |
| Personal name |
Steele, R. J. C. |
| 9 (RLIN) |
126885 |
| 700 1# - ADDED ENTRY--PERSONAL NAME |
| Personal name |
Moossa, A. R. |
| 9 (RLIN) |
126886 |
| 856 42 - ELECTRONIC LOCATION AND ACCESS |
| Materials specified |
Publisher description |
| Uniform Resource Identifier |
<a href="http://www.loc.gov/catdir/enhancements/fy0614/2002511765-d.html">http://www.loc.gov/catdir/enhancements/fy0614/2002511765-d.html</a> |
| 856 41 - ELECTRONIC LOCATION AND ACCESS |
| Materials specified |
Table of contents only |
| Uniform Resource Identifier |
<a href="http://www.loc.gov/catdir/enhancements/fy0614/2002511765-t.html">http://www.loc.gov/catdir/enhancements/fy0614/2002511765-t.html</a> |
| 906 ## - LOCAL DATA ELEMENT F, LDF (RLIN) |
| a |
7 |
| b |
cbc |
| c |
origcop |
| d |
2 |
| e |
ncip |
| f |
20 |
| g |
y-gencatlg |
| 942 ## - ADDED ENTRY ELEMENTS (KOHA) |
| Source of classification or shelving scheme |
|
| Koha item type |
Book |